Greek Top Division Winners - Statistics

General Stats
  • This quiz has been taken 29 times
  • The average score is 6 of 12
Answer Stats
Last Year They Won Number of Trophies Answer % Correct
2022 47 Olympiacos
100%
2010 20 Panathinaikos
100%
2023 13 AEK Athens
96%
2019 3 PAOK Thessaloniki
85%
1946 3 Aris Thessaloniki
69%
1988 1 Larissa
54%
1907 2 Ethnikos Athens
31%
1912 3 Goudi Athens
23%
1898 1 Cycling Club of Athens
15%
1923 2 Piraikos Syndesmos
12%
1899 1 Panellinios G.S.
8%
1922 2 Podosferikos Omilos Athinon
8%
No matching quizzes found
Score Distribution
Percent of People with Each Score
Percentile by Number Answered
Your Score History
You have not taken this quiz